Národný potravinový katalóg
Národný potravinový katalóg elektronický nástroj verejného obstarávania, ktorý má ponúknuť verejným obstarávateľom, nakupujúcim potraviny za štátne financie, kvalitné a bezpečné potraviny od kvalifikovaných dodávateľov za ekonomicky najvýhodnejších podmienok.
Gespeichert in:
| 1. Verfasser: | |
|---|---|
| Format: | Buchkapitel |
| Sprache: | Slowakisch |
| Schlagworte: | |
| Tags: |
Keine Tags, Fügen Sie das erste Tag hinzu!
|
MARC
| LEADER | 00000naa a2200000 4500 | ||
|---|---|---|---|
| 001 | 0236729 | ||
| 005 | 20240221132141.1 | ||
| 041 | 0 | |a slo | |
| 044 | |a SK | ||
| 245 | 1 | 0 | |a Národný potravinový katalóg |c Ľudmila Lipovská Lišková |
| 520 | |a Národný potravinový katalóg elektronický nástroj verejného obstarávania, ktorý má ponúknuť verejným obstarávateľom, nakupujúcim potraviny za štátne financie, kvalitné a bezpečné potraviny od kvalifikovaných dodávateľov za ekonomicky najvýhodnejších podmienok. | ||
| 610 | 2 | 0 | |a obstarávanie verejné |
| 610 | 2 | 0 | |a potraviny |
| 610 | 2 | 0 | |a katalógy |
| 610 | 2 | 0 | |a financie verejné |
| 100 | 1 | |a Lipovská Lišková, Ľudmila | |